Most Visited States of India by Foreigners - Statistics

General Stats
  • This quiz has been taken 29 times
  • The average score is 7 of 10
Answer Stats
Arrivals (k) Answer % Correct
4860 Tamil Nadu
88%
3104 Uttar Pradesh
88%
1475 West Bengal
88%
1489 Rajasthan
80%
2379 Delhi
76%
541 Goa
68%
977 Kerala
68%
5078 Maharashtra
68%
636 Karnataka
60%
923 Bihar
44%
No matching quizzes found
Score Distribution
Percent of People with Each Score
Percentile by Number Answered
Your Score History
You have not taken this quiz